Statistics for Shark Identification #1 (Picture Hints)

Click here to take the quiz!

General Stats

  • This quiz has been taken 1,110 times
  • The average score is 6 of 10

Answer Stats

SharkName% Correct
Great White Shark (Carcharodon carcharias)
100%
Shortfin Mako Shark (Isurus oxyrinchus)
79%
Bull Shark (Carcharhinus leucas)
77%
Blacktip Reef Shark (Carcharhinus melanopterus)
75%
Basking Shark (Cetorhinus maximus)
75%
Nurse Shark (Ginglymostoma cirratum)
74%
Sand Tiger Shark (Carcharias taurus)
46%
Angelshark (Squatina squatina)
34%
Zebra Shark (Stegostoma fasciatum)
29%
Spiny Dogfish (Squalus acanthias)
23%

Score Distribution

Percentile by Number Answered

Percent of People with Each Score

Your Score History

You have not taken this quiz